La nueva fase de la crisis mundial: la amenaza de bancarrota de Estados, Cap. II
Furkejuvvon:
| Materiálatiipa: | Girji |
|---|---|
| Giella: | Spanish |
| Fáddágilkorat: |
Lasit fáddágilkoriid
Eai fáddágilkorat, Lasit vuosttaš fáddágilkora!
|
MARC
| LEADER | 00000nam a22000007a 4500 | ||
|---|---|---|---|
| 003 | cru CIDCACS/IIS | ||
| 005 | 20200925161116.0 | ||
| 006 | a|||||r|||| 00| 0 | ||
| 007 | ta | ||
| 008 | 161005e2010 xxu||||| |||| 00| 0 spa d | ||
| 040 | |c CRAI/IIS |a CRAI/IIS | ||
| 245 | 1 | |a La nueva fase de la crisis mundial: |b la amenaza de bancarrota de Estados, Cap. II | |
| 300 | |a páginas 31-55 |b gráficos | ||
| 773 | 0 | |0 18567 |9 26 |a Dierckxsens, Wim |d San José, Costa Rica Departamento Ecuménico de Investigación 2010 |o 17012 |t Siglo XXI |z 9789969989213 | |
| 942 | |2 ddc |c LI | ||
| 999 | |c 18570 |d 18570 | ||
